[Event "BUL-ch (Women) 69th"]
[Site "Sofia"]
[Date "2020.03.04"]
[Round "4"]
[White "Radeva, Viktoria"]
[Black "Vasileva, Cveta"]
[Result "1-0"]
[WhiteElo "2337"]
[BlackElo "1500"]
[PlyCount "49"]
[EventDate "2020.03.02"]
[EventType "swiss"]
[EventRounds "9"]
[EventCountry "BUL"]
[SourceTitle "CBM 195 Extra"]
[Source "ChessBase"]
[SourceDate "2020.05.31"]
[SourceVersion "1"]
[SourceVersionDate "2020.05.31"]
[SourceQuality "1"]

1. e4 e5 2. Nf3 Nf6 3. Nxe5 d6 4. Nf3 Nxe4 5. Nc3 Nxc3 6. dxc3 Be7 7. Be3 0-0 8. Qd2 Be6 9. a3 h6 10. h3 f5 11. 0-0-0 Nc6 12. Kb1 Ne5 13. Nd4 Bd7 14. f4 Nc6 15. Bc4+ Kh8 16. g4 Nxd4 17. Bxd4 Bf6 18. Bxf6 Qxf6 19. g5 hxg5 20. fxg5 Qe5 21. Qf2 Kh7 22. g6+ Kxg6 23. Rhg1+ Kf6 24. Qh4+ g5 25. Qxg5# 1-0

[Event "Primorsko op-A"]
[Site "Primorsko"]
[Date "2019.09.18"]
[Round "4"]
[White "Krawczyk, Flawian"]
[Black "Vasileva, Cveta"]
[Result "1-0"]
[WhiteElo "1840"]
[BlackElo "1566"]
[PlyCount "39"]
[EventDate "2019.09.15"]
[EventType "swiss"]
[EventRounds "9"]
[EventCountry "BUL"]
[SourceTitle "EXT 2020"]
[Source "ChessBase"]
[SourceDate "2019.10.17"]
[SourceVersion "1"]
[SourceVersionDate "2019.10.17"]
[SourceQuality "1"]

1. e4 e5 2. Nf3 Nc6 3. Bb5 a6 4. Ba4 Nf6 5. d4 exd4 6. 0-0 b5 7. Bb3 Bc5 8. e5 Ng8 9. Ng5 Nh6 10. Ne4 Be7 11. Bxh6 gxh6 12. Qh5 0-0 13. Bd5 Rb8 14. f4 Nb4 15. Bb3 Rb6 16. f5 Bg5 17. f6 d5 18. Nxg5 Kh8 19. Qxh6 Qxf6 20. Qxh7# 1-0

[Event "Primorsko op"]
[Site "Primorsko"]
[Date "2018.09.23"]
[Round "8"]
[White "Kanov, Nikola"]
[Black "Vasileva, Cveta"]
[Result "1-0"]
[WhiteElo "1929"]
[BlackElo "1594"]
[PlyCount "75"]
[EventDate "2018.09.16"]
[EventType "swiss"]
[EventRounds "9"]
[EventCountry "BUL"]
[SourceTitle "CBM 186 Extra"]
[Source "ChessBase"]
[SourceDate "2018.08.24"]
[SourceVersion "1"]
[SourceVersionDate "2018.08.24"]
[SourceQuality "1"]

1. e4 d6 2. d4 Nf6 3. Nc3 g6 4. Bg5 Bg7 5. e5 Nfd7 6. exd6 cxd6 7. Nf3 f6 8. Be3 0-0 9. Qd2 e6 10. d5 e5 11. Nb5 Nb6 12. Qb4 Re8 13. Qxd6 Na6 14. Qxd8 Rxd8 15. 0-0-0 Kh8 16. Nxa7 Nd7 17. Bxa6 bxa6 18. Nc6 Re8 19. c4 h6 20. Rhe1 Nb8 21. Na5 Bg4 22. h3 Bf5 23. g4 Bd7 24. c5 f5 25. c6 Rc8 26. Kb1 Be8 27. Nc4 Nxc6 28. dxc6 Bxc6 29. Nfxe5 Be4+ 30. Ka1 Rab8 31. Bd4 Kh7 32. Bc3 Bg2 33. Rd7 Re8 34. gxf5 Kg8 35. Rg1 Bxh3 36. Rxg6 Bxf5 37. Rgxg7+ Kh8 38. Nf7# 1-0

[Event "Primorsko op"]
[Site "Primorsko"]
[Date "2018.09.19"]
[Round "4"]
[White "Vasileva, Cveta"]
[Black "Ivanov, Georgi1111"]
[Result "1-0"]
[WhiteElo "1594"]
[BlackElo "1530"]
[PlyCount "49"]
[EventDate "2018.09.16"]
[EventType "swiss"]
[EventRounds "9"]
[EventCountry "BUL"]
[SourceTitle "CBM 186 Extra"]
[Source "ChessBase"]
[SourceDate "2018.08.24"]
[SourceVersion "1"]
[SourceVersionDate "2018.08.24"]
[SourceQuality "1"]

1. d4 Nf6 2. c4 e5 3. d5 Bb4+ 4. Bd2 Bxd2+ 5. Nxd2 0-0 6. e4 d6 7. h3 c6 8. Ngf3 cxd5 9. cxd5 Qa5 10. Bd3 b5 11. 0-0 Bb7 12. Qb3 a6 13. a4 Nbd7 14. axb5 Qb6 15. bxa6 Bxd5 16. Qxb6 Nxb6 17. exd5 Nfxd5 18. Ne4 f5 19. Nxd6 e4 20. Nxe4 Nb4 21. Nc5 Rac8 22. Rfc1 Rxc5 23. Rxc5 Nxd3 24. Rc6 Nd5 25. a7 1-0

[Event "EU-ch (Women) 15th"]
[Site "Plovdiv"]
[Date "2014.07.08"]
[Round "3"]
[White "Vasileva, Cveta"]
[Black "Mareckova, Martina"]
[Result "0-1"]
[WhiteElo "1598"]
[BlackElo "2094"]
[PlyCount "152"]
[EventDate "2014.07.06"]
[EventType "swiss"]
[EventRounds "11"]
[EventCountry "BUL"]
[SourceTitle "CBM 162"]
[Source "ChessBase"]
[SourceDate "2014.09.17"]
[SourceVersion "1"]
[SourceVersionDate "2014.09.17"]
[SourceQuality "1"]

1. d4 Nf6 2. c4 c5 3. e3 cxd4 4. exd4 d5 5. Nc3 Nc6 6. cxd5 Nxd5 7. Bc4 Nb6 8. Bb5 e6 9. Nf3 Be7 10. Ne5 Bd7 11. 0-0 Nxe5 12. dxe5 Bxb5 13. Nxb5 a6 14. Nd6+ Bxd6 15. Qxd6 Qxd6 16. exd6 Nd5 17. b3 Kd7 18. Bb2 f6 19. Ba3 Rac8 20. Rac1 Nc3 21. Rc2 Nb5 22. Rxc8 Rxc8 23. Bb4 Rc2 24. Ra1 b6 25. f3 a5 26. Be1 Kxd6 27. a4 Nd4 28. b4 Nc6 29. Rd1+ Ke7 30. bxa5 Nxa5 31. Bb4+ Ke8 32. Rd6 Rc6 33. Rd1 Rc4 34. Rb1 Nb7 35. Be1 Rxa4 36. Rxb6 Nc5 37. Rb1 Kd7 38. Bb4 Nd3 39. Bf8 g6 40. Rd1 Rd4 41. Bg7 Ke7 42. Bh6 g5 43. g3 Ne5 44. Rf1 Nf7 45. Bg7 Nd6 46. Ra1 Nb7 47. Ra7 Rd7 48. h4 gxh4 49. gxh4 Kf7 50. Bh6 Kg6 51. Be3 e5 52. Kg2 Kh5 53. Kg3 Rg7+ 54. Kh3 Kg6 55. Ra6 Kf5 56. h5 Rd7 57. Kg2 Nd8 58. Ra4 Ne6 59. Kg3 Rg7+ 60. Kh4 Rd7 61. Ra3 Nc7 62. Ra7 Ke6 63. Bc5 Nd5 64. Ra6+ Kf5 65. Ra4 Nf4 66. Ra7 Rd3 67. Ra3 Rd1 68. Kg3 Nxh5+ 69. Kf2 Nf4 70. Be3 Rb1 71. Ra5 Rb2+ 72. Kf1 h5 73. Ra1 h4 74. Kg1 h3 75. Kh1 Rb3 76. Re1 Ng2 0-1

[Event "BUL-ch sf (Women) 62nd"]
[Site "Plovdiv"]
[Date "2013.02.17"]
[Round "9"]
[White "Vasileva, Cveta"]
[Black "Vasova, Mariya"]
[Result "0-1"]
[WhiteElo "1578"]
[BlackElo "1824"]
[PlyCount "42"]
[EventDate "2013.02.11"]
[EventType "tourn"]
[EventRounds "9"]
[EventCountry "BUL"]
[SourceTitle "CBM 152 Extra"]
[Source "ChessBase"]
[SourceDate "2013.02.25"]
[SourceVersion "1"]
[SourceVersionDate "2013.02.25"]
[SourceQuality "1"]

1. d4 g6 2. c4 Bg7 3. Nc3 d6 4. e4 Nc6 5. Be3 e5 6. d5 Nd4 7. Bd3 c5 8. dxc6 bxc6 9. Nge2 Ne7 10. 0-0 0-0 11. Rc1 Rb8 12. b3 c5 13. h3 Be6 14. Qd2 Bxh3 15. Nxd4 exd4 16. Bh6 dxc3 17. Qe3 Be6 18. Bxg7 Kxg7 19. Rxc3 Nc6 20. Bb1 Qf6 21. Rd1 Nd4 0-1

[Event "Kesarovski Georgiev Memorial 11th"]
[Site "Sunny Beach"]
[Date "2012.09.01"]
[Round "1"]
[White "Galicek, Stanislav"]
[Black "Vasileva, Cveta"]
[Result "1-0"]
[WhiteElo "2164"]
[BlackElo "1586"]
[PlyCount "65"]
[EventDate "2012.09.01"]
[EventType "swiss"]
[EventRounds "9"]
[EventCountry "BUL"]
[SourceTitle "CBM 150 Extra"]
[Source "ChessBase"]
[SourceDate "2012.10.19"]
[SourceVersion "1"]
[SourceVersionDate "2012.10.19"]
[SourceQuality "1"]

1. d4 g6 2. c4 Nf6 3. g3 Bg7 4. Bg2 d6 5. Nf3 0-0 6. 0-0 Nbd7 7. Nc3 a6 8. e4 e5 9. h3 h6 10. Be3 Re8 11. Qc2 b6 12. Rfd1 Bb7 13. d5 Qe7 14. b4 Nf8 15. c5 bxc5 16. bxc5 Reb8 17. Na4 Bc8 18. cxd6 cxd6 19. Nb6 Rxb6 20. Bxb6 N8d7 21. Be3 Bb7 22. Rac1 Rc8 23. Qb3 Rxc1 24. Rxc1 Nc5 25. Bxc5 dxc5 26. d6 Qd7 27. Nxe5 Qe6 28. Qxb7 Qxe5 29. d7 Nxd7 30. Qxd7 Qg5 31. Rb1 Bd4 32. Rb8+ Kg7 33. Qe8 1-0